[Event "M.Chigorin Memorial 2013"]
[Site "St. Petersburg"]
[Date "2013.10.10"]
[Round "6.54"]
[White "Severina, Maria"]
[Black "Savitskiy, Sergey"]
[Result "0-1"]
[WhiteElo "2227"]
[BlackElo "2354"]
[PlyCount "102"]
[EventDate "2013.10.05"]

1. d4 Nf6 2. c4 g6 3. Nc3 Bg7 4. Nf3 O-O 5. e4 d6 6. Be2 e5 7. O-O Na6 8. Re1
exd4 9. Nxd4 Nc5 10. f3 a5 11. Be3 c6 12. Qd2 a4 13. Rad1 Qb6 14. Bf1 Rd8 15.
Nde2 Be6 16. Nf4 Qa5 17. Nxe6 Nxe6 18. a3 Nd7 19. f4 Ndc5 20. f5 Nb3 21. Qf2
Nec5 22. f6 Bf8 23. Qh4 Nd7 24. c5 Nbxc5 25. Bc4 Ne5 26. Bh6 Nxc4 27. Bxf8 Rxf8
28. e5 d5 29. Qh6 Ne6 30. Rd3 Qc5+ 31. Kf1 Nd2+ 32. Qxd2 Qc4 33. Kg1 Rfe8 34.
Kh1 Qf4 35. Qd1 h5 36. Rf3 Qg4 37. h3 Qh4 38. Kh2 Nd4 39. Rff1 Ne6 40. g3 Qd4
41. Qc1 Kh7 42. Re2 b5 43. Kh1 b4 44. axb4 Qxb4 45. g4 h4 46. Rf5 a3 47. Qe1
axb2 48. Qxh4+ Kg8 49. Rh5 gxh5 50. Rg2 Ra1+ 51. Kh2 Qf4+ 0-1

[Event "M.Chigorin Memorial 2013"]
[Site "St. Petersburg"]
[Date "2013.10.10"]
[Round "6.55"]
[White "Aminov, Andrey"]
[Black "Tologontegin, Semetey"]
[Result "1/2-1/2"]
[WhiteElo "2163"]
[BlackElo "2350"]
[PlyCount "131"]
[EventDate "2013.10.05"]

1. e4 e5 2. Nf3 Nc6 3. Nc3 Nf6 4. d4 exd4 5. Nxd4 Bb4 6. Nxc6 bxc6 7. Bd3 d5 8.
exd5 cxd5 9. O-O O-O 10. Bg5 Be6 11. Qf3 Be7 12. Rfe1 Qd7 13. h3 h6 14. Bh4
Rab8 15. b3 Rb4 16. Bg3 Nh7 17. Bxh7+ Kxh7 18. Nxd5 Bxd5 19. Qd3+ Kg8 20. c4 c6
21. Rad1 Rd8 22. cxd5 cxd5 23. Be5 f6 24. Bc3 Rb7 25. Ba5 Rc8 26. Qxd5+ Qxd5
27. Rxd5 Rc2 28. Rd2 Rxd2 29. Bxd2 Bb4 30. Bxb4 Rxb4 31. Re7 a5 32. Ra7 Rb5 33.
g3 h5 34. Kg2 Kh7 35. h4 Kh6 36. Ra6 Kg6 37. Ra7 Rc5 38. Kf3 Kh6 39. Ra6 Re5
40. a4 Rc5 41. Rb6 Rc3+ 42. Ke4 g6 43. Rb5 f5+ 44. Kf4 Rd3 45. Ke5 Rf3 46. Rxa5
Rxb3 47. Ra8 Kg7 48. Ra7+ Kh6 49. Ra8 Kg7 50. Ra7+ Kh6 51. a5 Rf3 52. a6 Rxf2
53. Rb7 Ra2 54. Rb6 Ra4 55. Kd6 f4 56. gxf4 Rxf4 57. a7 Ra4 58. Rb7 g5 59. Kc6
gxh4 60. Kb5 Rxa7 61. Rxa7 Kg5 62. Kc4 h3 63. Kd3 h2 64. Ra1 Kf4 65. Ke2 Kg3
66. Rh1 1/2-1/2

[Event "M.Chigorin Memorial 2013"]
[Site "St. Petersburg"]
[Date "2013.10.10"]
[Round "6.56"]
[White "Mikhailov, Viacheslav"]
[Black "Grigoriev, Maxim G"]
[Result "1-0"]
[WhiteElo "2343"]
[BlackElo "2211"]
[PlyCount "103"]
[EventDate "2013.10.05"]

1. d4 Nc6 2. Nf3 d6 3. g3 Nf6 4. Bg2 g6 5. O-O Bg7 6. c4 O-O 7. Nc3 Re8 8. b3
Bg4 9. Bb2 e5 10. dxe5 dxe5 11. h3 Bxf3 12. Bxf3 e4 13. Bg2 Qe7 14. e3 Nb4 15.
Ba3 a5 16. Qe2 c6 17. Rad1 Qe5 18. Na4 Nd3 19. Nb2 Nb4 20. Na4 Nd3 21. Qd2 h5
22. Nb2 Rad8 23. Nxd3 Rxd3 24. Qc2 Red8 25. Bb2 Qd6 26. c5 Qd7 27. Bd4 Nd5 28.
Bxe4 Rxd1 29. Rxd1 Nb4 30. Qc4 Qxh3 31. Bxg6 Rd5 32. e4 Qg4 33. Rd2 Bh6 34. Re2
Rd7 35. a3 Qxg6 36. axb4 axb4 37. Qxb4 Qg4 38. Re1 h4 39. Be3 Bg7 40. Bf4 Qf3
41. Qc4 Rd3 42. e5 Rc3 43. Qd4 Rd3 44. Qa4 Rxb3 45. Qa8+ Kh7 46. Qc8 hxg3 47.
Bxg3 Qd3 48. Qh3+ Bh6 49. Kh2 Rb2 50. e6 Qf3 51. e7 Rxf2+ 52. Kg1 1-0

[Event "M.Chigorin Memorial 2013"]
[Site "St. Petersburg"]
[Date "2013.10.10"]
[Round "6.58"]
[White "Ben Artzi, Ido"]
[Black "Loginov, Anton"]
[Result "1-0"]
[WhiteElo "2370"]
[BlackElo "2156"]
[PlyCount "77"]
[EventDate "2013.10.05"]

1. d4 Nf6 2. c4 e6 3. Nc3 Bb4 4. e3 b6 5. Bd3 Bb7 6. Nf3 O-O 7. O-O d5 8. cxd5
exd5 9. Ne5 c5 10. a3 Bxc3 11. bxc3 Ba6 12. c4 dxc4 13. Nxc4 Qd5 14. Qe2 Bb7
15. f3 b5 16. Na5 c4 17. Bc2 Ba6 18. Qd2 Qd8 19. Bb2 Qb6 20. e4 Rd8 21. Bc3
Nbd7 22. Qf2 Rac8 23. Kh1 Qc7 24. Qh4 h6 25. Rad1 Re8 26. d5 Ne5 27. Nc6 Ng6
28. Qf2 Ra8 29. Nd4 Ne7 30. f4 Qd7 31. Nf3 Qg4 32. Ne5 Qh5 33. d6 Ng6 34. Nxg6
fxg6 35. e5 Nd7 36. Be4 Rac8 37. Qxa7 Nc5 38. Bf3 Qf5 39. d7 1-0

[Event "M.Chigorin Memorial 2013"]
[Site "St. Petersburg"]
[Date "2013.10.10"]
[Round "6.59"]
[White "Shuraev, Andrei"]
[Black "Korchagina, Viktoria"]
[Result "1-0"]
[WhiteElo "2351"]
[BlackElo "2079"]
[PlyCount "109"]
[EventDate "2013.10.05"]

1. d4 Nf6 2. c4 g6 3. g3 Bg7 4. Bg2 O-O 5. Nf3 d6 6. O-O Nbd7 7. Nc3 e5 8. e4
a6 9. h3 c6 10. Be3 b5 11. dxe5 dxe5 12. Qc2 Qe7 13. Rfd1 Bb7 14. cxb5 axb5 15.
Nd2 Ne8 16. Nb3 Nc7 17. a3 Ne6 18. Rd2 b4 19. Rad1 Nf6 20. Nb1 bxa3 21. Nxa3
Rfd8 22. Nc5 Rxd2 23. Rxd2 Nxc5 24. Bxc5 Qe6 25. Qc4 Qc8 26. Qc3 Qe6 27. Nc4 h5
28. Rd6 Qe8 29. Na5 Qc8 30. Ba3 Ne8 31. Nxb7 Nxd6 32. Nxd6 Qd7 33. Bf1 Bf8 34.
Nc4 Bxa3 35. bxa3 Qe7 36. Qxe5 Qxe5 37. Nxe5 Rxa3 38. Nxc6 Ra4 39. Bd3 Kg7 40.
Kf1 Ra2 41. Bc4 Rc2 42. Bd5 f6 43. Nd4 Rb2 44. Kg2 Rd2 45. Nf3 Rb2 46. h4 Rb5
47. Nd4 Rb2 48. Kf3 Rd2 49. Ke3 Rb2 50. Ne6+ Kh6 51. Nf4 Kg7 52. Nd3 Rc2 53. e5
fxe5 54. Nxe5 Kf6 55. Nxg6 1-0

[Event "M.Chigorin Memorial 2013"]
[Site "St. Petersburg"]
[Date "2013.10.10"]
[Round "6.60"]
[White "Palachev, Petr"]
[Black "Ustinov, Alexey"]
[Result "1-0"]
[WhiteElo "2348"]
[BlackElo "2125"]
[PlyCount "117"]
[EventDate "2013.10.05"]

1. d4 g6 2. e4 Bg7 3. Nc3 d6 4. Be3 c6 5. Qd2 Nd7 6. h4 b5 7. Bd3 h5 8. Nh3 Nb6
9. b3 Qc7 10. Ne2 d5 11. Ng5 Nh6 12. e5 Bf5 13. Nf4 e6 14. f3 Bxd3 15. Nxd3 a5
16. O-O Nf5 17. Bf2 Bh6 18. g4 Ng7 19. Be3 Bxg5 20. Bxg5 Nd7 21. Kg2 c5 22.
dxc5 Nxc5 23. Nxc5 Qxc5 24. Rac1 O-O 25. Bf6 Kh7 26. Qg5 Rg8 27. Kh2 Ra7 28.
Kh3 Qc3 29. Kh2 a4 30. Rf2 a3 31. Rg1 Rc7 32. Bxg7 Rxg7 33. gxh5 Qb2 34. hxg6+
Rxg6 35. Qh5+ Kg7 36. Rxg6+ fxg6 37. Rg2 Qxc2 38. Qg5 Qf5 39. Qxf5 exf5 40. h5
Kh6 41. hxg6 f4 42. Kh3 d4 43. Rd2 Re7 44. Kg4 Rxe5 45. Kxf4 Rc5 46. Rg2 Kg7
47. Ke4 Rc1 48. Kxd4 Rb1 49. Kc3 b4+ 50. Kxb4 Rb2 51. Rg1 Rxa2 52. f4 Rf2 53.
Kxa3 Rxf4 54. b4 Rf3+ 55. Ka4 Rf4 56. Ka5 Rf2 57. b5 Ra2+ 58. Kb6 Rb2 59. Ka6
1-0

[Event "M.Chigorin Memorial 2013"]
[Site "St. Petersburg"]
[Date "2013.10.10"]
[Round "6.61"]
[White "Yudkevich, Mikhail"]
[Black "Mikhalchenko, Petr"]
[Result "0-1"]
[WhiteElo "2121"]
[BlackElo "2344"]
[PlyCount "64"]
[EventDate "2013.10.05"]

1. d4 Nf6 2. c4 e6 3. g3 Bb4+ 4. Bd2 Qe7 5. Bg2 O-O 6. Nf3 Ne4 7. O-O Nxd2 8.
Nbxd2 c6 9. a3 Ba5 10. b4 Bc7 11. Qb3 d5 12. e4 a5 13. Rab1 dxc4 14. Nxc4 b5
15. Nce5 axb4 16. axb4 Ra4 17. Nd3 Na6 18. Ra1 Rxa1 19. Rxa1 Rd8 20. Qc3 Bb7
21. h4 h6 22. Nc5 Nxc5 23. bxc5 e5 24. Nxe5 Rxd4 25. Nxc6 Bxc6 26. Qxd4 Be5 27.
Qd1 Bxa1 28. Qxa1 Qxc5 29. Qa5 Kh7 30. Qc7 Qc4 31. h5 f5 32. exf5 Bxg2 0-1

[Event "M.Chigorin Memorial 2013"]
[Site "St. Petersburg"]
[Date "2013.10.10"]
[Round "6.62"]
[White "Khadzhiev, Valery"]
[Black "Bazeev, German"]
[Result "0-1"]
[WhiteElo "2107"]
[BlackElo "2322"]
[PlyCount "70"]
[EventDate "2013.10.05"]

1. d4 f5 2. c4 Nf6 3. Nc3 g6 4. Nf3 Bg7 5. e3 O-O 6. Be2 d6 7. d5 a5 8. O-O Na6
9. Qc2 Nc5 10. b3 e5 11. dxe6 Bxe6 12. Bb2 Re8 13. Rfd1 Qe7 14. Nd4 Bf7 15. Bf3
c6 16. Rd2 Nfd7 17. g3 Ne5 18. Bg2 a4 19. Rad1 axb3 20. axb3 Qc7 21. Nde2 Rad8
22. h4 Qe7 23. Ba3 Ng4 24. Nd4 Nxe3 25. fxe3 Qxe3+ 26. Kh2 f4 27. Nce2 fxg3+
28. Nxg3 Be5 29. Bf3 Ne4 30. Rg2 Nxg3 31. Rxg3 Bxd4 32. Rxd4 Qxd4 33. Bb2 Qxh4+
34. Kg2 Re5 35. Qf2 Rg5 0-1

[Event "M.Chigorin Memorial 2013"]
[Site "St. Petersburg"]
[Date "2013.10.10"]
[Round "6.63"]
[White "Bykova, Anastasia"]
[Black "Kigel, Dmytro"]
[Result "0-1"]
[WhiteElo "2083"]
[BlackElo "2320"]
[PlyCount "82"]
[EventDate "2013.10.05"]

1. e4 e5 2. Nf3 Nc6 3. Nc3 Nf6 4. d4 exd4 5. Nxd4 Bb4 6. Nxc6 bxc6 7. Bd3 O-O
8. O-O d5 9. exd5 cxd5 10. Bg5 c6 11. Qf3 Bd6 12. Bxf6 Qxf6 13. Qxf6 gxf6 14.
Ne2 c5 15. b3 Be6 16. Rad1 Rfd8 17. Ng3 a5 18. a4 Rab8 19. Bb5 f5 20. f4 c4 21.
Ne2 cxb3 22. cxb3 d4 23. Rf3 Bc5 24. Kh1 Rd6 25. Rfd3 Bd5 26. Rg3+ Kh8 27. Rc1
Bb6 28. h3 Be4 29. Bd3 Bd8 30. Rd1 Bh4 31. Bxe4 fxe4 32. Rg4 Bf2 33. f5 d3 34.
Rxe4 dxe2 35. Rxd6 e1=Q+ 36. Rxe1 Bxe1 37. Rd3 Kg7 38. g4 Rc8 39. Rd1 Bb4 40.
Rb1 Rc2 41. Kg1 Kf6 0-1

[Event "M.Chigorin Memorial 2013"]
[Site "St. Petersburg"]
[Date "2013.10.10"]
[Round "6.64"]
[White "Zhilchikov, Nikolai"]
[Black "Leontiev, Aleksandr V"]
[Result "0-1"]
[WhiteElo "2074"]
[BlackElo "2310"]
[PlyCount "66"]
[EventDate "2013.10.05"]

1. d4 Nf6 2. Nf3 g6 3. c3 b6 4. Bg5 Bg7 5. Nbd2 Bb7 6. e3 h6 7. Bh4 d6 8. Bc4
Nbd7 9. O-O e5 10. Qc2 e4 11. Ne1 O-O 12. f4 Qe8 13. Be2 Nd5 14. Bf2 f5 15. g3
c5 16. Ng2 Rc8 17. Qb3 Kh7 18. Rac1 Rc7 19. Nc4 Qe7 20. Rfd1 Rfc8 21. dxc5 Nxc5
22. Qa3 Ba8 23. Rc2 b5 24. Na5 Nd3 25. Rcd2 b4 26. cxb4 N5xb4 27. Bxd3 Nxd3 28.
Ne1 Rc1 29. Nb3 Bxb2 30. Rxc1 Bxc1 31. Nxc1 Rxc1 32. Kf1 Qc7 33. Ke2 Bd5 0-1

[Event "M.Chigorin Memorial 2013"]
[Site "St. Petersburg"]
[Date "2013.10.10"]
[Round "6.65"]
[White "Kostin, Alexey"]
[Black "Aseev, Vladimir"]
[Result "1-0"]
[WhiteElo "2306"]
[BlackElo "2064"]
[PlyCount "69"]
[EventDate "2013.10.05"]

1. e4 c5 2. Nf3 d6 3. d4 cxd4 4. Nxd4 Nf6 5. Bc4 Nc6 6. Nc3 e6 7. Be3 a6 8. Bb3
Be7 9. Qe2 Qc7 10. Rg1 b5 11. f3 Na5 12. g4 Nxb3 13. axb3 Bb7 14. g5 Nd7 15.
Qg2 b4 16. Na4 Nc5 17. Nxc5 dxc5 18. Ne2 O-O-O 19. Bf4 Qc6 20. Nc1 f5 21. gxf6
gxf6 22. Nd3 c4 23. bxc4 Qxc4 24. Rc1 e5 25. Be3 Rhg8 26. Qh3+ Kb8 27. Rxg8
Qxg8 28. b3 Bc8 29. Qg3 Qe6 30. Qf2 Qc6 31. Bc5 Bd6 32. Ra1 f5 33. Ra4 a5 34.
Rxa5 fxe4 35. Bxd6+ 1-0

[Event "M.Chigorin Memorial 2013"]
[Site "St. Petersburg"]
[Date "2013.10.10"]
[Round "6.67"]
[White "Ageichenko, Genadi A"]
[Black "Grinblat, Artemiy"]
[Result "1-0"]
[WhiteElo "2296"]
[BlackElo "2058"]
[PlyCount "67"]
[EventDate "2013.10.05"]

1. d4 e6 2. c4 d5 3. Nf3 Nf6 4. Nc3 Be7 5. Bg5 h6 6. Bh4 O-O 7. e3 b6 8. Qb3
Bb7 9. Bxf6 Bxf6 10. cxd5 exd5 11. Rd1 c6 12. Bd3 Nd7 13. O-O Rc8 14. Bb1 Re8
15. a3 Qc7 16. Qc2 Nf8 17. Ba2 Red8 18. e4 Ne6 19. Rfe1 c5 20. e5 Be7 21. Bb1
g6 22. Qd2 Kg7 23. h4 h5 24. Ne2 Qd7 25. Rc1 Ba6 26. Ng3 Bb7 27. Rcd1 cxd4 28.
Ne2 Kg8 29. Nexd4 Bc5 30. Nxe6 Qxe6 31. Ng5 Qg4 32. e6 f6 33. Nf7 d4 34. Nh6+
1-0

[Event "M.Chigorin Memorial 2013"]
[Site "St. Petersburg"]
[Date "2013.10.10"]
[Round "6.68"]
[White "Drozdova, Dina"]
[Black "Ivanov, Sergei V"]
[Result "0-1"]
[WhiteElo "2291"]
[BlackElo "2053"]
[PlyCount "60"]
[EventDate "2013.10.05"]

1. d4 Nf6 2. c4 g6 3. Nc3 Bg7 4. e4 d6 5. Nf3 O-O 6. h3 c5 7. d5 a6 8. a4 a5 9.
Bd3 Na6 10. O-O Nb4 11. Bf4 e5 12. dxe6 fxe6 13. Bh2 Nh5 14. Qd2 Rxf3 15. gxf3
e5 16. Rfd1 Bxh3 17. Bf1 Qh4 18. Ne2 Bxf1 19. Rxf1 Qh3 20. Ra3 Rf8 21. Bg3 Rf6
22. Qg5 Qe6 23. Rc1 Rf8 24. Kg2 Bf6 25. Qg4 Qe7 26. Rh1 Ng7 27. Nc3 Qf7 28. Nd5
Bd8 29. Rh6 Nc2 30. Rd3 Ne1+ 0-1

[Event "M.Chigorin Memorial 2013"]
[Site "St. Petersburg"]
[Date "2013.10.10"]
[Round "6.69"]
[White "Plotnikov, Vitaly"]
[Black "Palchun, Grigory"]
[Result "0-1"]
[WhiteElo "2065"]
[BlackElo "2263"]
[PlyCount "94"]
[EventDate "2013.10.05"]

1. e4 c5 2. Nf3 Nc6 3. Bb5 g6 4. O-O Bg7 5. c3 Nf6 6. e5 Nd5 7. d4 cxd4 8. cxd4
d6 9. Nc3 Nxc3 10. bxc3 O-O 11. Bxc6 bxc6 12. Re1 Bf5 13. Qa4 Qc7 14. exd6 exd6
15. Bf4 c5 16. Rad1 Rfd8 17. h3 cxd4 18. Nxd4 Qxc3 19. Nxf5 gxf5 20. Re3 Qc5
21. Rg3 Kh8 22. Be3 Qc7 23. Rxg7 Kxg7 24. Qh4 f6 25. Qh6+ Kg8 26. Qxf6 Qf7 27.
Qg5+ Qg6 28. Qe7 Re8 29. Qc7 Re6 30. Qb7 Rf8 31. Bf4 Qf7 32. Qb4 d5 33. Rd3 Rg6
34. Qd2 Rd8 35. Be5 Qe6 36. f4 Kf7 37. Kh2 Rdg8 38. g3 Rd8 39. Qa5 Qb6 40. Qd2
Kf8 41. Rb3 Qa6 42. Qc2 Kg8 43. Rb2 Qa3 44. Rb3 Qa4 45. Qb2 Rc6 46. g4 Qe4 47.
Qa3 Rc2+ 0-1

[Event "M.Chigorin Memorial 2013"]
[Site "St. Petersburg"]
[Date "2013.10.10"]
[Round "6.70"]
[White "Suleymanyants, Odisey"]
[Black "Trapeznikova, Darya"]
[Result "0-1"]
[WhiteElo "2262"]
[BlackElo "2048"]
[PlyCount "88"]
[EventDate "2013.10.05"]

1. d4 d5 2. Nf3 c6 3. Nbd2 Nf6 4. e3 Bf5 5. Bd3 Bg6 6. O-O e6 7. Ne5 Nbd7 8. f4
Bd6 9. g4 Qe7 10. g5 Bxe5 11. dxe5 Ne4 12. Bxe4 Bxe4 13. Nxe4 dxe4 14. Qd4 h6
15. Qxe4 hxg5 16. Bd2 O-O-O 17. Bb4 c5 18. Ba5 Rdg8 19. Rad1 Rh4 20. Be1 Rg4+
21. Bg3 f5 22. Qa4 a6 23. e4 g6 24. fxg5 Rxe4 25. Qb3 Re8 26. Qd3 Nxe5 27. Qc3
Nc6 28. Rfe1 Rxe1+ 29. Rxe1 e5 30. h4 Qd6 31. Kg2 Qd4 32. Re2 Qg4 33. Qf3 Qxf3+
34. Kxf3 Nd4+ 35. Kf2 Nxe2 36. Kxe2 Kd7 37. Kf3 Ke6 38. Bf2 b6 39. a4 Rd8 40.
Ke2 f4 41. c3 a5 42. b4 axb4 43. cxb4 cxb4 44. Bxb6 Rc8 0-1

[Event "M.Chigorin Memorial 2013"]
[Site "St. Petersburg"]
[Date "2013.10.10"]
[Round "6.71"]
[White "Vunder, Andrey"]
[Black "Senkevich, Konstantin"]
[Result "1-0"]
[WhiteElo "2245"]
[BlackElo "2039"]
[PlyCount "39"]
[EventDate "2013.10.05"]

1. d4 d5 2. Nf3 c5 3. e3 e6 4. c4 dxc4 5. Bxc4 Nf6 6. O-O Be7 7. Qe2 cxd4 8.
exd4 O-O 9. Rd1 Nc6 10. a3 a6 11. Nc3 b5 12. Ba2 Bb7 13. Bg5 Qa5 14. d5 exd5
15. Nxd5 Nxd5 16. Bxd5 Bxg5 17. Nxg5 h6 18. Nxf7 Rxf7 19. Bxf7+ Kxf7 20. Rd7+
1-0

[Event "M.Chigorin Memorial 2013"]
[Site "St. Petersburg"]
[Date "2013.10.10"]
[Round "6.72"]
[White "Sorokopudov, Vladimir M"]
[Black "Gvanceladze, Anna"]
[Result "0-1"]
[WhiteElo "2057"]
[BlackElo "2219"]
[PlyCount "76"]
[EventDate "2013.10.05"]

1. Nf3 d5 2. d4 Nf6 3. Bg5 e6 4. e3 Be7 5. Bd3 Nbd7 6. Nbd2 O-O 7. O-O b6 8. c4
Bb7 9. Qc2 h6 10. Bh4 Rc8 11. Bxf6 Nxf6 12. Rfd1 c5 13. dxc5 bxc5 14. h3 Qc7
15. e4 Rfd8 16. Re1 dxe4 17. Nxe4 Qb8 18. Nxf6+ Bxf6 19. Nh2 Qf4 20. Rad1 h5
21. g3 Qb8 22. b3 Bd4 23. Nf1 h4 24. Kh2 hxg3+ 25. fxg3 Rd6 26. Be4 Rcd8 27.
Rd2 f5 28. Bxb7 Qxb7 29. Rg2 Qf7 30. Nd2 Qh5 31. Rf1 g5 32. Nf3 g4 33. Nh4 Be5
34. Qe2 Bxg3+ 35. Kxg3 Rd3+ 36. Kh2 Rxh3+ 37. Kg1 Kf7 38. Rxg4 Rxh4 0-1

[Event "M.Chigorin Memorial 2013"]
[Site "St. Petersburg"]
[Date "2013.10.10"]
[Round "6.73"]
[White "Balaian, Alina"]
[Black "Krasovskiy, Sviatoslav"]
[Result "1-0"]
[WhiteElo "2218"]
[BlackElo "2031"]
[PlyCount "75"]
[EventDate "2013.10.05"]

1. e4 Nf6 2. e5 Nd5 3. d4 d6 4. Nf3 Bg4 5. Be2 e6 6. O-O Bxf3 7. Bxf3 dxe5 8.
c4 Nb6 9. Bxb7 exd4 10. Bxa8 Nxa8 11. Qa4+ Nd7 12. Bf4 f6 13. Re1 e5 14. Nd2
Be7 15. Bg3 h5 16. f4 h4 17. Bf2 Nab6 18. Qc6 Kf8 19. Nf3 Bb4 20. fxe5 Bxe1 21.
Bxe1 fxe5 22. Bb4+ Kf7 23. Nxe5+ Nxe5 24. Rf1+ Kg8 25. Qe6+ Kh7 26. Qxe5 Nd7
27. Qh5+ Kg8 28. Qf7+ Kh7 29. Rf5 Nf6 30. Be7 Qe8 31. Rxf6 d3 32. Rf1 d2 33.
Qxe8 Rxe8 34. Bb4 Re2 35. Rd1 Re4 36. b3 h3 37. gxh3 c5 38. Bxd2 1-0

[Event "M.Chigorin Memorial 2013"]
[Site "St. Petersburg"]
[Date "2013.10.10"]
[Round "6.74"]
[White "Sukhareva, Evgeniya"]
[Black "Larina, Marija"]
[Result "1-0"]
[WhiteElo "2210"]
[BlackElo "2011"]
[PlyCount "117"]
[EventDate "2013.10.05"]

1. d4 f5 2. g3 Nf6 3. Bg2 g6 4. c4 Bg7 5. Nc3 O-O 6. Nh3 Nc6 7. Rb1 d6 8. d5
Ne5 9. b3 Nh5 10. Qc2 h6 11. Nf4 Nxf4 12. gxf4 Ng4 13. h3 Nf6 14. Bf3 Bd7 15.
Rg1 Kh7 16. Bb2 c6 17. Kf1 e5 18. dxe6 Bxe6 19. Rd1 Ne8 20. e3 Qh4 21. Rg3 Rd8
22. Ne2 Bxb2 23. Qxb2 Nf6 24. Nc3 Rfe8 25. Qa3 Ne4 26. Nxe4 fxe4 27. Bxe4 Bxh3+
28. Bg2 Rxe3 29. Rxe3 Bxg2+ 30. Ke1 Qh1+ 31. Ke2 Qh5+ 32. Kd2 Qh4 33. Rde1 Qxf4
34. Qxa7 c5 35. Qa5 Rd7 36. Qc3 d5 37. cxd5 Bxd5 38. Kc2 Qxf2+ 39. R1e2 Qf5+
40. Kb2 Bf7 41. Re5 Qf4 42. Qxc5 Qf6 43. Qc3 Qd6 44. Qe3 Qf6 45. Qc3 Qd6 46. a4
Rc7 47. Qe3 Qf6 48. Ka2 Kg8 49. Qxh6 Qc6 50. Qf4 Rc8 51. Qd4 Ra8 52. Kb2 Rc8
53. Qe3 Qf6 54. Qd4 Qc6 55. Ka3 Qc1+ 56. Qb2 Qc6 57. Rh2 Be6 58. Rxe6 Qxe6 59.
Qh8+ 1-0

[Event "M.Chigorin Memorial 2013"]
[Site "St. Petersburg"]
[Date "2013.10.10"]
[Round "6.75"]
[White "Radkov, Bazhen D"]
[Black "Belenkaya, Dina"]
[Result "0-1"]
[WhiteElo "2027"]
[BlackElo "2203"]
[PlyCount "72"]
[EventDate "2013.10.05"]

1. d4 d5 2. c4 dxc4 3. Nf3 Nf6 4. e3 e6 5. Bxc4 c5 6. O-O a6 7. Qe2 b5 8. Bd3
cxd4 9. Nxd4 Bb7 10. Rd1 Nbd7 11. Nc3 Bc5 12. Nb3 Qb6 13. e4 O-O 14. Nxc5 Qxc5
15. Be3 Qe7 16. Bg5 e5 17. a3 h6 18. Bh4 Nc5 19. Bc2 Rfe8 20. Qe3 Ne6 21. Ne2
Rac8 22. Rac1 a5 23. f3 g5 24. Be1 Ra8 25. Bb3 Nf4 26. Ng3 Bc8 27. Qb6 h5 28.
Rc7 Nd7 29. Qh6 Ra6 30. Rdxd7 Qxd7 31. Qxa6 Qxc7 32. Qh6 Qc5+ 33. Kh1 Qc1 34.
Qxg5+ Kh7 35. h4 Qxe1+ 36. Kh2 Rg8 0-1

[Event "M.Chigorin Memorial 2013"]
[Site "St. Petersburg"]
[Date "2013.10.10"]
[Round "6.76"]
[White "Rjanova, Valery"]
[Black "Kharchenko, Daniil"]
[Result "1-0"]
[WhiteElo "2192"]
[BlackElo "2023"]
[PlyCount "97"]
[EventDate "2013.10.05"]

1. e4 c5 2. Nf3 Nc6 3. Bb5 d6 4. Bxc6+ bxc6 5. O-O Bg4 6. Re1 e6 7. e5 d5 8. d3
g6 9. Nc3 Bg7 10. h3 Bxf3 11. Qxf3 Qc7 12. Qe2 Ne7 13. Na4 Qa5 14. b3 Nf5 15.
c3 O-O 16. Ba3 Rfe8 17. Bxc5 Rad8 18. d4 f6 19. Bb4 Qc7 20. Qa6 Rc8 21. Ba5 Qf7
22. exf6 Bxf6 23. Re2 Nd6 24. Bb4 Ne4 25. Nc5 Nxc5 26. Bxc5 Rc7 27. Bd6 Rcc8
28. Rae1 Qd7 29. Bc5 Rc7 30. Qd3 Rb7 31. Qg3 Qc8 32. Qd6 Rbe7 33. Qf4 Rf7 34.
Qg4 e5 35. Qxc8 Rxc8 36. dxe5 Bg7 37. e6 Rb7 38. e7 Re8 39. Re6 Rc7 40. R6e3
Kf7 41. Rf3+ Kg8 42. Re6 a6 43. h4 Rcc8 44. g4 Rc7 45. Kh2 Rcc8 46. Kh3 Rc7 47.
h5 gxh5 48. gxh5 h6 49. Rg6 1-0

[Event "M.Chigorin Memorial 2013"]
[Site "St. Petersburg"]
[Date "2013.10.10"]
[Round "6.79"]
[White "Klukin, Kirill"]
[Black "Ponomarev, Dmitry"]
[Result "0-1"]
[WhiteElo "2024"]
[BlackElo "2395"]
[PlyCount "82"]
[EventDate "2013.10.05"]

1. d4 d5 2. Nf3 c6 3. c4 Nf6 4. e3 a6 5. Nc3 Bf5 6. Bd3 Bxd3 7. Qxd3 e6 8. O-O
Be7 9. b3 O-O 10. Bb2 Nbd7 11. Rfd1 Qc7 12. Rac1 Rfd8 13. Qe2 Bb4 14. Nb1 Bf8
15. Nbd2 a5 16. a3 Qb8 17. e4 dxe4 18. Nxe4 Qf4 19. Nc3 Qf5 20. Rd2 g6 21. Rcd1
Bh6 22. Rd3 Nh5 23. g3 Bg7 24. Ne4 Ndf6 25. Nfd2 Nxe4 26. Nxe4 Nf6 27. f3 Qh5
28. Qf2 Nxe4 29. fxe4 Rd7 30. c5 Rad8 31. Bc3 e5 32. Bxa5 Ra8 33. Bb4 exd4 34.
Qf3 Qxf3 35. Rxf3 Re7 36. Re1 Rae8 37. Rd3 Rxe4 38. Rxe4 Rxe4 39. Kg2 Re2+ 40.
Kh3 f5 41. Bd2 Kf7 0-1

[Event "M.Chigorin Memorial 2013"]
[Site "St. Petersburg"]
[Date "2013.10.10"]
[Round "6.80"]
[White "Rozanov, Pavel B"]
[Black "Opanasenko, Mikhail"]
[Result "1-0"]
[WhiteElo "2309"]
[BlackElo "2009"]
[PlyCount "100"]
[EventDate "2013.10.05"]

1. d4 Nf6 2. Nf3 e6 3. c4 b6 4. Nc3 Bb4 5. Qc2 Bb7 6. a3 Bxc3+ 7. Qxc3 Ne4 8.
Qc2 f5 9. g3 O-O 10. Bg2 Qc8 11. O-O d6 12. Rd1 Nd7 13. d5 e5 14. Nh4 Qe8 15.
f3 Nef6 16. Nxf5 g6 17. Nh6+ Kg7 18. Bh3 Bc8 19. Bg5 Nc5 20. Bxc8 Rxc8 21.
Bxf6+ Rxf6 22. Ng4 Rf8 23. b4 Nd7 24. Qc3 Qe7 25. Rf1 Rce8 26. Kg2 h5 27. Nf2
Nf6 28. Rac1 Kh7 29. Nh3 Nd7 30. Qd2 Rf5 31. e4 Rf6 32. Ng5+ Kg8 33. h4 Nf8 34.
c5 bxc5 35. bxc5 dxc5 36. Qa5 Rb8 37. Rf2 Rfb6 38. Qxc5 Qxc5 39. Rxc5 R8b7 40.
Rfc2 Ra6 41. Rxc7 Rxc7 42. Rxc7 Rxa3 43. Nf7 a5 44. Nxe5 Ra2+ 45. Kh3 a4 46.
Ra7 a3 47. Nc4 Rf2 48. Rxa3 Nd7 49. e5 Nc5 50. e6 Rd2 1-0

[Event "M.Chigorin Memorial 2013"]
[Site "St. Petersburg"]
[Date "2013.10.10"]
[Round "6.81"]
[White "Selivanov, Ivan"]
[Black "Kuzmin, Egor"]
[Result "1/2-1/2"]
[WhiteElo "2005"]
[BlackElo "2190"]
[PlyCount "124"]
[EventDate "2013.10.05"]

1. e4 c5 2. Nf3 d6 3. d4 cxd4 4. Nxd4 Nf6 5. Nc3 Nc6 6. Bg5 e6 7. Qd2 a6 8. f4
Be7 9. O-O-O Nxd4 10. Qxd4 b5 11. Bxf6 gxf6 12. e5 d5 13. Kb1 b4 14. exf6 Bxf6
15. Qxb4 Qc7 16. Qa4+ Bd7 17. Bb5 Bxc3 18. Bxd7+ Qxd7 19. Qxd7+ Kxd7 20. bxc3
Rab8+ 21. Kc1 Rhc8 22. Rd3 Rc4 23. f5 Ra4 24. fxe6+ fxe6 25. Rh3 Rh8 26. Kb2
Kd6 27. Re1 Rb8+ 28. Kc1 Rb7 29. Rh6 Re7 30. Kb2 Rg4 31. g3 Rg6 32. Rh4 Rb7+
33. Rb4 Rgg7 34. Rf1 Kc5 35. Re1 a5 36. Rb3 Rge7 37. Kc1 Rbc7 38. Kd2 e5 39. a4
Kc4 40. Rb5 Rc5 41. Rb3 Rc6 42. Rb5 Rc5 43. Rb3 e4 44. Ke2 Rcc7 45. Rd1 Rb7 46.
Rd4+ Kc5 47. Rd1 Rf7 48. Rdb1 Rbc7 49. Rb5+ Kd6 50. Rd1 Rc5 51. c4 Rxc4 52.
Rbxd5+ Kc6 53. Rxa5 Rxc2+ 54. Ke3 Re7 55. Rad5 Rc3+ 56. Kd2 Rc4 57. Ra5 Rf7 58.
Ra6+ Kb7 59. Re6 Rf2+ 60. Ke3 Rf3+ 61. Ke2 Rc2+ 62. Ke1 Rxh2 1/2-1/2

[Event "M.Chigorin Memorial 2013"]
[Site "St. Petersburg"]
[Date "2013.10.10"]
[Round "6.82"]
[White "Vorobjev, Dmitry"]
[Black "Dushin, Nikolay"]
[Result "1-0"]
[WhiteElo "2190"]
[BlackElo "2006"]
[PlyCount "47"]
[EventDate "2013.10.05"]

1. e4 c5 2. Nf3 d6 3. d4 cxd4 4. Nxd4 Nf6 5. Nc3 e5 6. Bb5+ Bd7 7. Bxd7+ Nbxd7
8. Nf5 Nc5 9. O-O Qd7 10. Qf3 g6 11. Nh6 Ng8 12. Nd5 Bg7 13. Be3 Bxh6 14. Bxh6
f5 15. exf5 O-O-O 16. Bg5 Rf8 17. Qa3 Kb8 18. f6 h6 19. Be3 Qc6 20. Rad1 b6 21.
Nb4 Qd7 22. Bxc5 bxc5 23. Na6+ Kc8 24. Nxc5 1-0

[Event "M.Chigorin Memorial 2013"]
[Site "St. Petersburg"]
[Date "2013.10.10"]
[Round "6.84"]
[White "Skvortsov, Sergey"]
[Black "Pranizin, Gennady"]
[Result "0-1"]
[WhiteElo "1980"]
[BlackElo "2187"]
[PlyCount "78"]
[EventDate "2013.10.05"]

1. e4 e5 2. Nf3 Nc6 3. Bb5 Nf6 4. d3 Bd6 5. c3 O-O 6. O-O Re8 7. Re1 a6 8. Ba4
Bf8 9. Nbd2 b5 10. Bb3 d5 11. h3 Bb7 12. a4 dxe4 13. Ng5 Re7 14. Ndxe4 Nxe4 15.
Rxe4 Na5 16. Rh4 Nxb3 17. Rxh7 g6 18. Qxb3 Bd5 19. c4 bxc4 20. dxc4 Bc6 21. Qg3
Bg7 22. Be3 f6 23. Qh4 Rb8 24. Rxg7+ Rxg7 25. Ne6 Qe7 26. Nxg7 Qxg7 27. Qg4 f5
28. Qd1 Qf6 29. Qd2 f4 30. Bc5 Rd8 31. Qc3 Qg5 32. g3 e4 33. Ba7 Rd3 34. Qb4
fxg3 35. Qb8+ Rd8 36. Qxc7 gxf2+ 37. Kh2 e3 38. Qxc6 Qf4+ 39. Kg2 f1=Q+ 0-1